Guess The Broadway Musical By Song And Year That It Opened - Statistics

General Stats
  • This quiz has been taken 93 times
  • The average score is 11 of 15
Answer Stats
Hint Answer % Correct
1997--"Circle Of Life" The Lion King
100%
1975--"All That Jazz" Chicago
91%
2015--"Satisfied" Hamilton
91%
1988--"Music Of The Night" Phantom Of The Opera
91%
1982--"Memories" Cats
86%
2021--"Don't Lose Ur Head" Six
82%
2003--"Dancing Through Life" Wicked
81%
2012--"King Of New York" Newsies
78%
1964--"Don't Rain On My Parade" Funny Girl
77%
1996--"Take Me Or Leave Me" Rent
70%
2016--"When He Sees Me" Waitress
67%
2007--"Chip On My Shoulder" Legally Blonde
63%
1975--"Dance 10, Looks 3" A Chorus Line
58%
2014--"Beautiful" Heathers
48%
2023--"You Coulda Knocked Me Over With A Feather" Some Like It Hot
24%
No matching quizzes found
Score Distribution
Percent of People with Each Score
Percentile by Number Answered
Your Score History
You have not taken this quiz